| 000 | 00424nam a22001577a 4500 | ||
|---|---|---|---|
| 003 | LK-CoDNM | ||
| 005 | 20240919113134.0 | ||
| 008 | 240814b |||||||| |||| 00| 0 eng d | ||
| 040 |
_aLK-CoDNM _dLK-CoDNM _eLK-CoDNM |
||
| 041 | _aeng | ||
| 080 | _bGP1707-1888 | ||
| 245 |
_aLegislative Enactments -1707-1888 _bVolume 1 |
||
| 260 |
_aColombo _bGoverment Printer _c1707-1888 |
||
| 300 | _bxlviii, 991p. ; 24 cm | ||
| 942 | _cBK | ||
| 999 |
_c147615 _d147615 |
||